000 00749nam a2200265Ia 4500
003 OSt
005 20220918163225.0
006 a|||||r|||| 00| 0
007 ta
008 220917b |||||||| |||| 00| 0 eng d
020 _a0 340 24181 0
024 _a32,763
037 _cTextual
040 _aARTS
_cARTS
_beng
041 _2eng
_aeng
082 _aO111,1:g(S:55), M0.2
100 _aSchmidt A V S ed
_912131
245 0 _aMedieval English romances
260 _aLondon
_bHodder and Stoughton
_c1980
300 _av,282p.
_ccm.
650 _aENGLISH LITERATURE
700 _a Jacobs Nicolas ed
_912132
942 _hO111,1:g(S:55), M0.2
_cTEXL
_2CC
999 _c118576
_d118576